| 000 | 01677nam0a2200337 4500 | ||
|---|---|---|---|
| 001 | RU\NLR\BIBL_A\011689676 | ||
| 005 | 20190704134557.0 | ||
| 010 |
_a978-5-4334-0357-4 _9100 |
||
| 021 |
_aRU _bКН-П-18-022047 _9КН-П-18-1607 |
||
| 035 | _a(NLR Aleph) 011689676 | ||
| 035 | _a(RuMoRGB)009584832 | ||
| 090 |
_a11331681 _c11331681 |
||
| 100 | _a20180426d2017 u y0rusy50 ca | ||
| 101 | 0 | _arus | |
| 102 | _aRU | ||
| 105 | _a c||z|||000za | ||
| 200 | 1 |
_aГидрографы: четвертый взвод _eзаписки "фрунзенца" 1970-х годов _fВ.Г. Смирнов |
|
| 210 |
_aСанкт-Петербург _cГамма _d2017 |
||
| 215 |
_a364 с. _cил., портр., табл., цв. ил. _d22 |
||
| 300 | _aНа 4-й с. обл. авт.: Смирнов В.Г., воен. инж.-гидрограф, кап. 1 ранга, д.ист.н. | ||
| 320 | _aДр. произведения авт. на 4-й с. обл. | ||
| 601 | 0 | 2 |
_aВысшее военно-морское училище им. М.В.Фрунзе _cЛенинград, город _jВоспоминания, записки и т.п. _xИстория _92199525 _3RU\NLR\auth\661321798 |
| 686 |
_aЦ4,6(2)396.2г _2rubbk |
||
| 686 | 1 | _aЦ4,6(2Р)396.1г,013 | |
| 700 | 1 |
_7ca _8rus _aСмирнов _bВ. Г. _cд-р ист. наук _f1956- _gВалентин Георгиевич _932904 _3RU\NLR\AUTH\7749969 |
|
| 942 | _cBOOK | ||
| 980 | _aNBR | ||
| 980 | _aNB | ||